| Tag |
First Indicator |
Second Indicator |
Subfields |
| LEADER |
00000nam a2200000 i 4500 |
| 001 |
in00004009913 |
| 005 |
20181022123916.0 |
| 006 |
m o d f |
| 007 |
cr ||||||||||| |
| 008 |
180830e201805 dcua obt f000 0 eng c |
| 035 |
|
|
|a (OCoLC)on1050332808
|
| 042 |
|
|
|a pcc
|
| 040 |
|
|
|a GPO
|b eng
|e rda
|e pn
|c GPO
|d MvI
|
| 049 |
|
|
|a WWW
|
| 074 |
|
|
|a 1051-H-48 (online)
|
| 088 |
|
|
|a NUREG-2195
|
| 086 |
0 |
|
|a Y 3.N 88:10/2195
|
| 100 |
1 |
|
|a Sancaktar, S.,
|e author.
|
| 245 |
1 |
0 |
|a Consequential SGTR analysis for Westinghouse and combustion engineering plants with thermally treated alloy 600 and 690 steam generator tubes /
|c prepared by S. Sancaktar [and four others].
|
| 246 |
3 |
|
|a Consequential steam generator tube rupture analysis for Westinghouse and combustion engineering plants with thermally treated alloy 600 and 690 steam generator tubes
|
| 264 |
|
1 |
|a Washington, D.C. :
|b United States Nuclear Regulatory Commission, Office of Nuclear Regulatory Research,
|c May 2018.
|
| 300 |
|
|
|a 1 online resource (421 unnumbered page) :
|b illustrations (chiefly color)
|
| 336 |
|
|
|a text
|b txt
|2 rdacontent
|
| 337 |
|
|
|a computer
|b c
|2 rdamedia
|
| 338 |
|
|
|a online resource
|b cr
|2 rdacarrier
|
| 588 |
|
|
|a Description based on online resource, PDF version; title from title page (NRC, viewed June 19, 2018).
|
| 500 |
|
|
|a "NUREG-2195."
|
| 500 |
|
|
|a "Manuscript completed: July 2017; date published: May 2018."
|
| 500 |
|
|
|a "Innovative Engineering and Safety Solutions ... Argonne National Laboratory."
|
| 504 |
|
|
|a Includes bibliographical references.
|
| 513 |
|
|
|a Technical.
|
| 536 |
|
|
|a Sponsored by U.S. Nuclear Regulatory Commission, Office of Nuclear Regulatory Research
|
| 650 |
|
0 |
|a Steam-boilers
|x Failures.
|
| 650 |
|
0 |
|a Combustion engineering.
|
| 650 |
|
0 |
|a Nuclear power plants
|x Thermodynamics.
|
| 650 |
|
0 |
|a Steel alloys.
|
| 650 |
|
0 |
|a Tubes, Steel.
|
| 710 |
2 |
|
|a U.S. Nuclear Regulatory Commission.
|b Office of Nuclear Regulatory Research,
|e issuing body.
|
| 710 |
2 |
|
|a Argonne National Laboratory.
|
| 776 |
0 |
8 |
|i Print version:
|a Sancaktar, S.
|t Consequential SGTR analysis for Westinghouse and combustion engineering plants with thermally treated alloy 600 and 690 steam generator tubes
|w (OCoLC)1050332786
|
| 856 |
4 |
0 |
|u https://purl.fdlp.gov/GPO/gpo93795
|t 0
|
| 999 |
f |
f |
|s 5236532f-c865-327e-9511-d56ec62554aa
|i 5f0ba556-7626-3884-9fc2-d9616615eba5
|t 0
|
| 952 |
f |
f |
|a Texas A&M University
|b College Station
|c Electronic Resources
|d Available Online
|t 0
|e Y 3.N 88:10/2195
|h Superintendent of Documents classification
|
| 998 |
f |
f |
|a Y 3.N 88:10/2195
|t 0
|l Available Online
|